| 000 | 00000nas##2200000za#4500 |
| 001 | 9.500725 |
| 003 | CaOODSP |
| 005 | 20200731151136 |
| 007 | cr ||||||||||| |
| 008 | 150406c1997||||xxc|| p o||||f| |0eng|d |
| 040 | |aCaOODSP|beng |
| 041 | |aeng |
| 041 | |afre |
| 043 | |an-cn--- |
| 086 | 1 |aSA3-1-PDF |
| 110 | 2 |aNational Archives of Canada. |
| 245 | 14|aThe archivist |h[electronic resource] |
| 260 | |aOttawa - Ontario : |bNational Archives of Canada |
| 310 | |aIrregular |
| 362 | 1 |aNo. 113 (1997) -No. 121 (2003) |
| 500 | |a"Magazine of the National Archives of Canada". Publication available in PDF format only for No. 118/1999 issue? |
| 690 | 07|aArchives|2gcpds |
| 690 | 07|aCanadian history|2gcpds |
| 776 | 0#|tL'archiviste |w(CaOODSP)9.508683 |
| 792 | |tL'archiviste |efre|w(CaOODSP)9.500726 |